00353 a2200109 450000500170000002000190001708200160003610000200005224500660007226000370013830000680017520250403083702.0 a0-07-046528-2  a659.109 NIC aNICOSIA, F. M.  aAdvertising, Management and Society: A Business Point of View aNew York, bMcGraw-Hill, c1974. aXX, 386P., ill., table, figure, bIndex, bibliography, c23cm.